| 000 | 00511cam a2200169 4500500 | ||
|---|---|---|---|
| 005 | 20260405001510.0 | ||
| 041 | _afre | ||
| 042 | _adc | ||
| 245 | 0 | 0 | _aDe l’intime: Loin du bruyant Amour |
| 260 | _c2013. | ||
| 500 | _a2 | ||
| 690 | _aFrançois Jullien | ||
| 690 | _aIntimité | ||
| 690 | _aMartin Duru | ||
| 786 | 0 | _nPhilosophie magazine | 68 | 4 | 2013-04-01 | p. 61-62 | 1951-1787 | |
| 856 | 4 | 1 | _uhttps://shs.cairn.info/magazine-philosophie-magazine-2013-4-page-61?lang=fr&redirect-ssocas=7080 |
| 999 |
_c2048295 _d2048295 |
||